The political kingdom in Uganda : (Record no. 40705)
[ view plain ]
| 000 -LEADER | |
|---|---|
| fixed length control field | 00960nam a2200289 a 4500 |
| 001 - CONTROL NUMBER | |
| control field | 40705 |
| 003 - CONTROL NUMBER IDENTIFIER | |
| rucl marc code | BD-RjUL |
| 005 - DATE AND TIME OF LATEST TRANSACTION | |
| control field | 20211209053252.0 |
| 008 - FIXED-LENGTH DATA ELEMENTS--GENERAL INFORMATION | |
| fixed length control field | 160509s1967 njuabc b 001 0 eng |
| 035 ## - SYSTEM CONTROL NUMBER | |
| System control number | (BD-RjUL) 40820 |
| System control number | (OCoLC)601777 |
| 040 ## - CATALOGING SOURCE | |
| Original cataloging agency | DLC |
| Transcribing agency | OClW |
| Modifying agency | OCoLC |
| -- | DLC |
| -- | (BD-RjUL) |
| Language of cataloging | eng |
| 041 ## - LANGUAGE CODE | |
| Language code of text/sound track or separate title | eng |
| 082 ## - DEWEY DECIMAL CLASSIFICATION NUMBER | |
| Classification number | 320.96761 |
| Edition number | 23 |
| Author mark and year | APP 1967 |
| 100 1# - MAIN ENTRY--PERSONAL NAME | |
| Personal name | Apter, David E. |
| Fuller form of name | (David Ernest), |
| Dates associated with a name | 1924-2010. |
| 9 (RLIN) | 125239 |
| 245 14 - TITLE STATEMENT | |
| Title | The political kingdom in Uganda : |
| Remainder of title | a study in bureaucratic nationalism / |
| Statement of responsibility, etc. | by David E. Apter |
| 250 ## - EDITION STATEMENT | |
| Edition statement | 2nd ed. |
| 260 ## - PUBLICATION, DISTRIBUTION, ETC. (IMPRINT) | |
| Place of publication, distribution, etc. | Princeton, N.J. : |
| Name of publisher, distributor, etc. | Princeton University Press, |
| Date of publication, distribution, etc. | 1967 |
| 300 ## - PHYSICAL DESCRIPTION | |
| Pagination | xxii, 498 p. : |
| Illustrations | illus., maps, port. ; |
| Size | 21 cm. |
| 500 ## - GENERAL NOTE | |
| General note | Includes index |
| 504 ## - BIBLIOGRAPHY, ETC. NOTE | |
| Bibliography, etc | Bibliographical footnotes. |
| 651 #0 - SUBJECT ADDED ENTRY--GEOGRAPHIC NAME | |
| Geographic name | Uganda |
| General subdivision | Politics and government. |
| 9 (RLIN) | 125240 |
| Geographic name | Buganda |
| General subdivision | Politics and government. |
| 9 (RLIN) | 125241 |
| 942 ## - ADDED ENTRY ELEMENTS (KOHA) | |
| Source of classification or shelving scheme | Dewey Decimal Classification |
| Koha item type | Books |
| Lost status | Source of classification or shelving scheme | Damaged status | Not for loan | Collection code | Permanent Location | Current Location | Shelving location | Date acquired | Source of acquisition | Cost, normal purchase price | Total Checkouts | Full call number | Date last seen | Copy number | Koha item type |
|---|---|---|---|---|---|---|---|---|---|---|---|---|---|---|---|
| Dewey Decimal Classification | Not For Loan | Non-fiction | Central Library, University of Rajshahi | Central Library, University of Rajshahi | Reading Room | 25/06/1970 | Zeithinger | 104.00 | 320.96761 APP 1967 | 09/05/2016 | C-1 | Books |